Normal view
MARC view
Entry Topical Term
001 - CONTROL NUMBER
- control field: 29719
003 - CONTROL NUMBER IDENTIFIER
- control field: OSt
005 - DATE AND TIME OF LATEST TRANSACTION
- control field: 20250117094831.0
008 - FIXED-LENGTH DATA ELEMENTS
- fixed length control field: 250117|| aca||aabn | a|a d
040 ## - CATALOGING SOURCE
- Original cataloging agency: OSt
- Transcribing agency: OSt
150 ## - HEADING--TOPICAL TERM
- Topical term or geographic name entry element: Epic fiction
- Form subdivision: 1800-1899
- Form subdivision: Ex-convicts
- Form subdivision: Fiction
- Form subdivision: France
- Form subdivision: Historical fiction
- Form subdivision: History
- Form subdivision: Manners and customs
- Form subdivision: Paris
- Form subdivision: Social life
- Form subdivision: Social norms
670 ## - SOURCE DATA FOUND
- Source citation: Work cat.: (OSt): Hugo, Victor. 29718, Les miserables / , 2016.